000 00535nam a2200217Ia 4500
005 20250317011819.0
008 240331s9999 xx 000 0 und d
020 _a0415132193
082 _a301
_bCIV
_22546
245 0 _aCivil Society:
_bChallenging Western Models
260 _aLondon;
_aNew York,
_bRoutledge
_c1996
300 _aviii, 248 p.,
650 _aSociety
650 _aAnti-sematism
650 _aCivic
650 _aGender
650 _aCommunity
700 _aHann, C
_eedt
700 _aDunn, E
_eedt
942 _cL
999 _c1003
_d1003